Central Library OPAC University of Rajshahi

Functions of several variables / (Record no. 6539)

MARC details
000 -LEADER
fixed length control field 00808cam a2200265 a 4500
001 - CONTROL NUMBER
control field 6539
003 - CONTROL NUMBER IDENTIFIER
rucl marc code BD-RjUL
005 - DATE AND TIME OF LATEST TRANSACTION
control field 20211208234249.0
008 - FIXED-LENGTH DATA ELEMENTS--GENERAL INFORMATION
fixed length control field 110114s1981 enka b 001 0 eng
020 ## - INTERNATIONAL STANDARD BOOK NUMBER
International Standard Book Number 0412233304 :
International Standard Book Number 0412233401 (Science paperbacks : pbk.) :
035 ## - SYSTEM CONTROL NUMBER
System control number (BD-RjUL)6580
040 ## - CATALOGING SOURCE
Original cataloging agency DLC
Transcribing agency DLC
Modifying agency BD-RjUL
Language of cataloging eng
041 ## - LANGUAGE CODE
Language code of text/sound track or separate title eng
082 00 - DEWEY DECIMAL CLASSIFICATION NUMBER
Classification number 515.84
Edition number 19
Author mark and year CRF 1981
100 1# - MAIN ENTRY--PERSONAL NAME
Personal name Craven, B. D.
Fuller form of name (Bruce Desmond)
9 (RLIN) 20590
245 10 - TITLE STATEMENT
Title Functions of several variables /
Statement of responsibility, etc. B. D. Craven.
260 ## - PUBLICATION, DISTRIBUTION, ETC. (IMPRINT)
Place of publication, distribution, etc. London ;
-- New York :
Name of publisher, distributor, etc. Chapman and Hall,
Date of publication, distribution, etc. 1981.
300 ## - PHYSICAL DESCRIPTION
Pagination viii, 136 p. :
Illustrations ill. ;
Size 22 cm.
504 ## - BIBLIOGRAPHY, ETC. NOTE
Bibliography, etc Includes bibliographies and index.
650 #0 - SUBJECT ADDED ENTRY--TOPICAL TERM
Topical term or geographic name as entry element Functions of several real variables.
9 (RLIN) 20591
942 ## - ADDED ENTRY ELEMENTS (KOHA)
Source of classification or shelving scheme Dewey Decimal Classification
Koha item type Books
Holdings
Lost status Source of classification or shelving scheme Damaged status Not for loan Permanent Location Current Location Shelving location Date acquired Source of acquisition Cost, normal purchase price Total Checkouts Full call number Date last seen Copy number Koha item type Collection code
  Dewey Decimal Classification   Not For Loan Central Library, University of Rajshahi Central Library, University of Rajshahi   25/09/1998 Toppon- Tulip 22.00   515.84 CRF 1981 11/01/2014 C-2 Books  
  Dewey Decimal Classification     Central Library, University of Rajshahi Central Library, University of Rajshahi   25/09/1984 Toppon- Tulip 22.00   515.84 CRF 1981 30/08/2016 C-3 Books Non-fiction